000 00374 a2200169 4500
001 44362
020 _a8585763310
040 _cAnchieta - Aquarius
100 _aBArqueta, Célia
240 1 0 _aO mar não tá pra peixe
_lpor
245 1 0 _aO mar não tá pra peixe
300 _a28
362 0 _a1997
440 1 _aBagaço
650 4 _aLiteratura juvenil
942 _cBK
999 _c44362
_d44362